000 00998cam a2200253 4500
008 040212n2004 000 0 eng u
020 _a0471059307
035 _a(Sirsi) u125138
041 _aeng
050 _a526.9823
_c18
100 _aLeick, A.
245 _aGPS satellite surveying
250 _a3rd ed.
260 _aNew Jersey
_bWiley
_c2004
300 _axxiv,435p.
_c25cm
350 _a52.85
520 _aThis revised third edition contains coverage of the procedures that apply to the Russian GLONASS, the forthcoming European GALILEO and US GPS satellite systems. Also contains information on: geodetic reference systems; GPS modernisation; least-squares adjustments; pseudoranges and carrier phrases; the troposphere and ionosphere; the LAMBDA technique; and the ellipsoidal and conformal mapping models.
650 _aGLOBAL POSITIONING SYSTEMS
650 _aSATELLITE SURVEYING
650 _aGLONASS
650 _aGALILEO
690 _aGEOMATICS-GPS
942 _n0
999 _c103353
_d103353